000 01268nam a2200217Ia 4500
003 Ost
005 20260507074949.0
008 260507s9999||||xx |||||||||||||| ||und||
040 _cfsecg
041 _aara
100 _aعبد الرزاق، محمود
_eمؤلف
245 0 _aإقتصاديات الجمارك :
_bالنظرية والممارسة /
_c محمود عبد الرزاق
260 _a[دون مكان]:
_bمكتبة الحرية للنشر والتوزيع,
_c2006
300 _a248 صفحة؛
_bإيضاحات ؛
_c24 سم
504 _aببليوغرافيا:ص.247-248
520 _aالإطار النظري للجمارك،الآثار الاقتصادية للجمارك،الآثار الإقتصادية للجمارك،النظام الجمركي في الفكر الإسلامي،الكفاءة الجمركية في إطار نموذج الإنكتاد،الإدارة الجمركية المحوسبة،تقدير القيمة الجمركية،الإتفاقيات الدولية والإقليمية لقواعد المنشأ،النظم الجمركية الخاصة في مصر،الإجراءات الجمركية
653 _aإقتصاد
653 _aالجمارك
653 _aالجمارك-مصر
942 _cكتاب
999 _c41983
_d41983